| 000 | 00643nam a2200169 a 4500 | ||
|---|---|---|---|
| 008 | 170113s2009 ||||||||||||||||| || u | ||
| 020 | _a9781597492720 | ||
| 050 | _aTK 7882.P3 Ser | ||
| 100 | _aTheodoridis, Sergios | ||
| 245 | 1 | 0 |
_aPattern Recognition _cBy Sergios Theodoridis [and] Konstantinos Koutroumbas |
| 250 | _a4th ed. | ||
| 260 |
_aAmsterdam: _bAcademic Press _c2009 |
||
| 300 | _axvii, 961p.: ill. | ||
| 350 | _a109.00 | ||
| 650 | _aPATTERN RECOGNITION SYSTEMS | ||
| 995 |
_FCBU-MAIN LIBRARY (Kitwe) _I109.00 _M1 _UAVAILABLE _WJan 19, 2018 _ZMain Library Open Access Collection |
||
| 999 |
_c53206 _d53206 |
||